000 003660000a22000970004500
100 1 _aLeguineche, Manuel
245 1 0 _aViaje al infierno : Bastaron 3.000 ó 4.000 mienbros de la tribu etnia hutu bajo el mando de doce oficieles para hacer de Ruanda un campo de exterminio
300 _aVol. 50, Num. 50 (Mayo, 1994), Páginas 36-37
773 0 _tCambio 16
942 _cANA
999 _c58444
_d58444